• 首页
  • 本馆介绍
  • 公告通知
  • 最新文献
  • 馆藏检索
  • 电子资源
  • 读者导购
  • 参考咨询
  • 我的图书馆
  • 登录
  • 详细信息显示
  • 放入我的书架
  • 预约/预借图书
  • 作者相关作品
  • 分类相关作品
  • 丛书相关作品
  • 出版社相关作品

书目信息

  • 表格格式
  • 工作单格式
  • 卡片格式
题名:
环境质量评价原理与方法
    
 
作者: 李祚泳 著
分册:  
出版信息: 北京   化学工业出版社  2004
页数: 382页
开本: 20cm
丛书名:
单 册:
中图分类: X82
科图分类:
主题词: 环境质量--评价 , 环境质量
电子资源:
ISBN: 7-5025-5393-2
000 00772nam0 2200241 450
001 002680366
005 20070805152054.43
010    @a7-5025-5393-2@dCNY30.00
100    @a20040712d2004 em y0chiy0110 ea
101 0  @achi@eeng
102    @aCN@b110000
105    @ay z 000yy
106    @ar
200 1  @a环境质量评价原理与方法@Ahuan jing zhi liang ping jia yuan li yu fang fa@f李祚泳等著@Fli zuo yong deng zhu
210    @a北京@c化学工业出版社@d2004
215    @a382页@d20cm
330    @a本书介绍了环境质量评价的新理论、新方法及其应用。内容包括层次分析法、模糊集理论、灰色系统理论、人工神经网络等。
606 0  @a环境质量@x评价
606 0  @a环境质量
690    @aX82@v4
701  0 @a李祚泳@Ali zuo yong@4著
801  0 @aCN@bNLC@c20070805
905    @dX82@e117@f5
    
    环境质量评价原理与方法/李祚泳等著.-北京:化学工业出版社,2004
    382页;20cm
    
    
    ISBN 7-5025-5393-2:CNY30.00
    本书介绍了环境质量评价的新理论、新方法及其应用。内容包括层次分析法、模糊集理论、灰色系统理论、人工神经网络等。
●
相关链接 在E读中查询图书 在五车中查询图书 在当当中查询图书 在豆瓣中查询图书


正题名:环境质量评价原理与方法     索取号:X82/117         预约/预借

序号 登录号 条形码 馆藏地/架位号 状态 备注
1 0850851   208508514   第二样本阅览室/ [索取号:X82/117] 在馆    
2 0850852   208508523   第三借阅区/ [索取号:X82/117] 在馆    
3 0850853   208508532   第三借阅区/ [索取号:X82/117] 在馆    
4 0850854   208508541   第三借阅区/ [索取号:X82/117] 在馆    
5 0850855   208508550   第三借阅区/ [索取号:X82/117] 在馆    
唐山师范学院图书馆 欢迎您!
大连网信软件有限公司© 版权所有